000 00507nam a2200193 i 4500
001 85284
003 ES-MaACL
005 20230906175220.0
007 t|
008 041126s1963 sp ||||1| cat d
100 1 _aJouvenroux.
_967044
245 1 0 _aQuan l'amor neix /
_cJouvenroux.
260 _aBarcelona :
_bNova Terra,
_c[1963]
300 _a178 p. ;
_c16 cm.
490 1 _aGrá de mostassa
830 0 _aGrá de mostassa
_9184125
852 _aES-MaACL
_jC-23753
_bR.52329
999 _c85284
_d85284